| 000 | 00608nac a22001935a 4500 | ||
|---|---|---|---|
| 008 | 090709t1984 ii ||||| |||| 00| 0 eng d | ||
| 040 |
_aEG-Sc BUE _beng _cEG-Sc BUE |
||
| 082 | 0 | 4 |
_a621.180212 _bKHU _222 |
| 100 | 1 |
_aKhurmi, R.S. _97921 |
|
| 245 | 1 | 0 |
_aSteam Tables: _bWith Mollier Diagram: In S.I. Units / _cR.S. Khurmi. |
| 260 |
_aNew Delhi: _bS. Chand & Company, _c2006 |
||
| 300 |
_av, 23 p; _bTables. _c22 cm. |
||
| 500 | _aDistributer: Al-Ahram. | ||
| 590 | _adoha | ||
| 650 |
_aSteam --Tables. _97922 _2BUEsh |
||
| 651 | _2BUEsh | ||
| 653 | _cAugust2015 | ||
| 942 |
_cBB _k621.101KHU _2ddc |
||
| 999 |
_c20718 _d20690 |
||